Top 50 Baby Boy Names Beginning with D - Statistics

General Stats
  • This quiz has been taken 1,372 times
  • The average score is 22 of 50
Answer Stats
Hint Answer % Correct
31 Danny
95%
2 David
93%
1 Daniel
91%
34 Donald
76%
48 Dilan
74%
39 Dillon
74%
3 Dylan
74%
6 Damian
71%
11 Damien
71%
14 Derek
70%
28 Derrick
70%
8 Dean
61%
36 Dennis
61%
26 Drew
55%
18 Devin
54%
40 Devon
54%
41 Darren
53%
4 Dominic
53%
20 Dominick
53%
27 Drake
53%
19 Damon
47%
30 Dexter
44%
37 Dustin
42%
29 Davis
41%
22 Dax
40%
9 Dawson
39%
5 Declan
38%
42 Douglas
37%
21 Dalton
36%
10 Dallas
35%
47 Dane
35%
44 Dash
35%
32 Darius
34%
23 Dorian
32%
16 Desmond
31%
13 Dante
28%
17 Donovan
27%
7 Diego
26%
35 Duke
25%
25 Denver
23%
15 Dakota
21%
46 Darian
20%
12 Daxton
20%
24 Deacon
17%
45 Dario
10%
49 Demetrius
7%
43 Deandre
6%
50 Dior
5%
33 Dariel
3%
38 Dakari
2%
No matching quizzes found
Score Distribution
Percent of People with Each Score
Percentile by Number Answered
Your Score History
You have not taken this quiz